书目信息 |
| 题名: |
终极管理
|
|
| 作者: | 斯蒂文斯 , Stevens 著 ;陈璇 , 徐晓东 , 何涛 译 | |
| 分册: | ||
| 出版信息: | 北京 中信出版社 2002.2 |
|
| 页数: | 192页 | |
| 开本: | 21cm | |
| 丛书名: | ||
| 单 册: | ||
| 中图分类: | F270 | |
| 科图分类: | ||
| 主题词: | 企业管理 | |
| 电子资源: | ||
| ISBN: | 7-80073-390-4 | |
| 000 | 01094nam0 2200289 45 | |
| 005 | 20041012101423.13 | |
| 010 | @a7-80073-390-4@dCNY 20.00 | |
| 100 | @a20030519e20022002ekmy0chiy0121 ea | |
| 101 | 1 | @achi@ceng |
| 102 | @aCN@b110000 | |
| 105 | @ak z 000yy | |
| 200 | 1 | @a终极管理@Azhong ji guan li@dExtreme management@e哈佛商学院高级管理教程@f(美)马克·斯蒂文斯(Mark Stevens)著@g陈璇, 徐晓东, 何涛译@zeng |
| 210 | @a北京@c中信出版社@d2002.2@h2002.4重印 | |
| 215 | @a192页@c表格@d21cm | |
| 304 | @a书名原文: Extreme management: what they teach at Harvard Business School's advanced management program | |
| 510 | 1 | @aExtreme management@zeng |
| 510 | 1 | @aExtreme management: what they teach at Harvard Business School's advanced management program@zeng |
| 517 | 1 | @a哈佛商学院高级管理教程 |
| 606 | 0 | @a企业管理 |
| 690 | @aF270@v4 | |
| 701 | 1 | @a斯蒂文斯@Asi di wen si@b马克@4著 |
| 701 | A1 | @aStevens@bMark@4著 |
| 702 | 0 | @a陈璇@Achen xuan@4译 |
| 702 | 0 | @a徐晓东@Axu xiao dong@4译 |
| 702 | 0 | @a何涛@Ahe tao@4译 |
| 801 | 0 | @aCN@bQSSKw3@c20041012 |
| 905 | @a10447@dF270@eM081 | |
| 终极管理=Extreme management:哈佛商学院高级管理教程/(美)马克·斯蒂文斯(Mark Stevens)著/陈璇, 徐晓东, 何涛译.-北京:中信出版社,2002.2(2002.4重印) |
| 192页:表格;21cm |
| ISBN 7-80073-390-4:CNY 20.00 |
| ● |
| 相关链接 |
|
|
|
正题名:终极管理
索取号:F270/M081
 
预约/预借
| 序号 | 登录号 | 条形码 | 馆藏地/架位号 | 状态 | 备注 |
| 1 | 399399 | 203993991 | 社科库409/409社科库 84排2列1层/ [索取号:F270/M081] | 在馆 | |
| 2 | 399400 | 203994008 | 社科库409/409社科库 84排2列1层/ [索取号:F270/M081] | 在馆 | |
| 3 | 399401 | 203994017 | 社科库409/409社科库 84排2列1层/ [索取号:F270/M081] | 在馆 |